[Event "chess.com SpeedChess Q2Sw"]
[Site "chess.com INT"]
[Date "2022.11.12"]
[Round "12"]
[White "Meier, Georg"]
[Black "Tan, Zhongyi"]
[Result "1-0"]
[WhiteTitle "GM"]
[BlackTitle "GM"]
[WhiteElo "2615"]
[BlackElo "2514"]
[WhiteFideId "4675789"]
[BlackFideId "8603642"]
[EventDate "2022.11.12"]

1. Nf3 d5 2. g3 c5 3. Bg2 Nc6 4. d4 cxd4 5. Nxd4 e5 6. Nxc6 bxc6 7. c4 Nf6 8.
O-O Be6 9. cxd5 cxd5 10. Bg5 Rc8 11. e3 Be7 12. Nc3 e4 13. Qa4+ Qd7 14. Qxd7+
Nxd7 15. Bxe7 Kxe7 16. Rfd1 Nb6 17. Bf1 Rc5 18. Rd4 Rhc8 19. Rad1 f5 20. Be2 Kf6
21. h4 g6 22. R4d2 h6 23. Nb5 Rc2 24. b3 Rxd2 25. Rxd2 a5 26. Nd4 g5 27. hxg5+
hxg5 28. Kg2 Rc1 29. f4 exf3+ 30. Bxf3 Bf7 31. Be2 Nd7 32. Bd3 Bg6 33. Rf2 f4
34. Bxg6 Kxg6 35. exf4 gxf4 36. gxf4 Nc5 37. Rc2 Rxc2+ 38. Nxc2 Nd3 39. Kf3 Nc1
40. b4 axb4 41. Nxb4 d4 42. Ke4 d3 43. Ke3 Kf5 44. a4 d2 45. Kxd2 Nb3+ 46. Ke3
Nc5 47. a5 Ke6 48. a6 Nd7 49. a7 Nb6 50. Nd3 Kf5 51. Kf3 Ke6 52. Ke4 Kd7 53. f5
Kc7 54. Nc5 Kc6 55. f6 Kxc5 56. f7 Kc6 57. f8=Q Kb7 58. Qb8+ 1-0

[Event "chess.com SpeedChess Q2Sw"]
[Site "chess.com INT"]
[Date "2022.11.12"]
[Round "12"]
[White "Harshavardhan, G B"]
[Black "Yoo, Christopher Woojin"]
[Result "0-1"]
[WhiteTitle "IM"]
[BlackTitle "GM"]
[WhiteElo "2426"]
[BlackElo "2573"]
[WhiteFideId "25059009"]
[BlackFideId "30909694"]
[EventDate "2022.11.12"]

1. d4 Nf6 2. c4 g6 3. Nc3 Bg7 4. e4 d6 5. Nf3 O-O 6. Be2 e5 7. d5 Na6 8. Nd2 c6
9. Nb3 Ne8 10. O-O f5 11. f3 f4 12. dxc6 bxc6 13. c5 Nac7 14. cxd6 Nxd6 15. Nc5
Qe7 16. Nd3 Ne6 17. b3 Rd8 18. Bb2 Nd4 19. Na4 N6b5 20. Qe1 Nc2 21. Qf2 Nxa1 22.
Rxa1 Nd4 23. Bf1 Be6 24. Rc1 Rac8 25. Ndc5 Bf7 26. Ba6 Rb8 27. Bf1 Bf6 28. Qe1
Bh4 29. Qa5 g5 30. h3 g4 31. fxg4 f3 32. Bxd4 exd4 33. gxf3 Qe5 34. Rd1 d3 35.
Qd2 Bg5 36. Qf2 d2 37. Kg2 Qd4 38. Qxd4 Rxd4 39. Kf2 h5 40. Nd3 hxg4 41. hxg4
Rbd8 42. Nac5 Kg7 43. a3 Rh8 44. b4 Rh2+ 45. Kg3 Rh1 46. Kg2 Rh4 47. Kg3 Rh1 48.
Kg2 Rh8 49. f4 Be7 50. Rxd2 Bxc5 51. bxc5 Bc4 52. Kf3 Rh1 53. Be2 Rh3+ 54. Kg2
Re3 55. Kf2 Rexe4 56. f5 Kf6 0-1

[Event "chess.com SpeedChess Q2Sw"]
[Site "chess.com INT"]
[Date "2022.11.12"]
[Round "12"]
[White "Jumabayev, Rinat"]
[Black "Kravtsiv, Martyn"]
[Result "1/2-1/2"]
[WhiteTitle "GM"]
[BlackTitle "GM"]
[WhiteElo "2620"]
[BlackElo "2598"]
[WhiteFideId "13702661"]
[BlackFideId "14113147"]
[EventDate "2022.11.12"]

1. d4 d5 2. Nf3 e6 3. c4 Nf6 4. g3 Bb4+ 5. Bd2 Be7 6. Bg2 O-O 7. O-O c6 8. Qc2
Nbd7 9. Rd1 a5 10. Bf4 b5 11. Ne5 Bb7 12. cxb5 cxb5 13. Nc6 Bxc6 14. Qxc6 Qb6
15. Qxb6 Nxb6 16. Nc3 b4 17. Nb5 Nh5 18. Bc7 Ra6 19. Rdc1 Na8 20. e3 g6 21. Bf1
Rc8 22. a4 Bf8 23. b3 Nxc7 24. Nxc7 Ra7 25. Nb5 Raa8 26. Be2 Nf6 27. Nc7 Rab8
28. Ba6 Rd8 29. Bd3 Rbc8 30. Ba6 Rb8 31. Bd3 Rbc8 32. Rc2 Bd6 33. Rac1 Bxc7 34.
Rxc7 Rxc7 35. Rxc7 Rd7 36. Rc5 Ra7 37. f3 Kf8 38. Bb5 Ke7 39. Kf2 Kd6 40. Rc6+
Ke7 41. Ke2 Ne8 42. Kd2 Nd6 43. Bd3 f5 44. g4 h6 45. h4 fxg4 46. fxg4 g5 47. h5
Kd7 48. Rc5 Rc7 49. Rxa5 Rc3 50. Ra7+ Kc6 51. Ra6+ Kc7 52. Ra7+ Kc6 53. Rh7 Rxb3
54. Rxh6 Nc4+ 55. Ke2 Rb2+ 56. Ke1 b3 57. Rxe6+ Kd7 58. Bf5 Kc7 59. h6 Rh2 60.
h7 b2 61. Re8 Nd2 62. h8=Q Nf3+ 63. Kf1 Nd2+ 64. Kg1 Nf3+ 65. Kf1 Nd2+ 66. Ke1
Nf3+ 67. Kf1 1/2-1/2

[Event "chess.com SpeedChess Q2Sw"]
[Site "chess.com INT"]
[Date "2022.11.12"]
[Round "12"]
[White "Sevian, Samuel"]
[Black "Grischuk, Alexander"]
[Result "1/2-1/2"]
[WhiteTitle "GM"]
[BlackTitle "GM"]
[WhiteElo "2687"]
[BlackElo "2745"]
[WhiteFideId "2040506"]
[BlackFideId "4126025"]
[EventDate "2022.11.12"]

1. d4 Nf6 2. Nf3 d5 3. Bf4 c5 4. e3 Nc6 5. Nbd2 Qb6 6. dxc5 Qxb2 7. Rb1 Qc3 8.
Bb5 g6 9. O-O Bg7 10. Nb3 O-O 11. Bxc6 bxc6 12. Be5 Qc4 13. Nfd4 Qa6 14. Qd3 Qa4
15. Rfe1 Re8 16. h3 Ba6 17. Qd1 Bf8 18. Nf3 Nd7 19. Qd4 Bb5 20. Qxa4 Bxa4 21.
Red1 f6 22. Bc7 Rac8 23. Ba5 e5 24. c4 Nxc5 25. cxd5 cxd5 26. Rxd5 Ne4 27. Be1
Bc6 28. Rdd1 Red8 29. Rxd8 Rxd8 30. Rc1 Rc8 31. Nfd2 Nd6 32. Nc4 Bd5 33. Nxd6
Rxc1 34. Nxc1 Bxd6 35. f3 Kf7 36. e4 Bc4 37. Bd2 Bc5+ 38. Kh2 Ke6 39. Nb3 Bb6
40. Bb4 f5 41. g4 fxe4 42. fxe4 Bd3 43. Nc5+ Bxc5 44. Bxc5 a6 45. Kg3 Bxe4 46.
h4 Kd5 47. Ba7 Bb1 48. a3 Ke4 49. Bb8 Kd4 50. Kf2 e4 51. Ba7+ Kd3 52. Be3 h5 53.
g5 Ba2 54. Ba7 Be6 55. Be3 Bf5 56. Ba7 Kd2 57. Be3+ Kc3 58. Ba7 Kb3 59. Bc5 Kc4
60. Be3 Kd3 61. Ba7 Bd7 62. Be3 Ba4 63. Ba7 Bb3 64. Be3 Kc4 65. Ba7 Kd3 66. Be3
Be6 67. Ba7 a5 68. Be3 a4 69. Ba7 Bf5 70. Be3 Kc4 71. Ba7 Kd3 72. Be3 Bg4 73.
Ba7 Bf5 1/2-1/2

[Event "chess.com SpeedChess Q2Sw"]
[Site "chess.com INT"]
[Date "2022.11.12"]
[Round "12"]
[White "Costachi, Mihnea"]
[Black "Janaszak, Dawid"]
[Result "1-0"]
[WhiteTitle "IM"]
[BlackTitle "FM"]
[WhiteElo "2476"]
[BlackElo "2322"]
[WhiteFideId "1217518"]
[BlackFideId "1119206"]
[EventDate "2022.11.12"]

1. Nc3 c6 2. g3 d5 3. d4 Nf6 4. Bg2 g6 5. e4 dxe4 6. Nxe4 Nxe4 7. Bxe4 Bg7 8. c3
O-O 9. Bg2 e5 10. dxe5 Qxd1+ 11. Kxd1 Bxe5 12. Nf3 Bg7 13. Bf4 Rd8+ 14. Ke2 Be6
15. Rhd1 Bc4+ 16. Ke1 Re8+ 17. Be3 Bh6 18. Kd2 Bxe3+ 19. fxe3 Nd7 20. b3 Bd5 21.
c4 Bxf3 22. Bxf3 Ne5 23. Be2 Re7 24. Re1 Rd8+ 25. Kc3 Rde8 26. Rad1 Nd7 27. Kc2
Nc5 28. Bf1 Rxe3 29. Rxe3 Rxe3 30. b4 Na6 31. b5 Nb4+ 32. Kb2 cxb5 33. cxb5 Re5
34. Bc4 a6 35. b6 Rf5 36. Rd7 Nc6 37. Rxb7 Rf2+ 38. Kc3 Rf3+ 39. Kd2 Ne5 40. Bb3
Rd3+ 41. Ke2 Rd6 42. Rb8+ Kg7 43. b7 Rb6 44. Bd5 Nd7 45. Rd8 Nf6 46. Bh1 Rb2+
47. Kd3 Rb1 48. b8=R Rxh1 49. Rb2 Rd1+ 50. Rd2 Rb1 51. Rd6 a5 52. Ra6 Ng4 53.
Rxa5 Rf1 54. a4 Nf2+ 55. Ke2 Ne4 56. Kxf1 Nxd2+ 57. Ke2 Nb3 58. Ra7 Nd4+ 59. Kd3
Ne6 60. a5 Nc5+ 61. Kc4 Ne6 62. a6 Kf6 63. Rb7 Nd8 64. Rb6+ Ke5 65. a7 Ke4 66.
a8=Q+ 1-0

[Event "chess.com SpeedChess Q2Sw"]
[Site "chess.com INT"]
[Date "2022.11.12"]
[Round "12"]
[White "Rasulov, Vugar"]
[Black "Harikrishna, Pentala"]
[Result "0-1"]
[WhiteTitle "GM"]
[BlackTitle "GM"]
[WhiteElo "2525"]
[BlackElo "2715"]
[WhiteFideId "13402390"]
[BlackFideId "5007003"]
[EventDate "2022.11.12"]

1. Nf3 d5 2. c4 d4 3. b4 c5 4. g3 Qc7 5. Bg2 e5 6. d3 Nf6 7. O-O Nc6 8. b5 Ne7
9. a4 Ng6 10. a5 Rb8 11. Bg5 Be7 12. Nbd2 O-O 13. h4 Re8 14. Bxf6 Bxf6 15. h5
Nf8 16. Ne4 Bd8 17. b6 axb6 18. axb6 Qxb6 19. Qa4 Bd7 20. Qa3 Rc8 21. Rfb1 Qc7
22. h6 gxh6 23. Nxd4 exd4 24. Rxb7 Qxb7 25. Nf6+ Bxf6 26. Bxb7 Rc7 27. Bf3 Ne6
28. Qa5 Rb8 29. Bd5 Rcc8 30. Qa7 Nf8 31. Ra6 Be6 32. f4 Bg7 33. Kf2 Rb2 34. Kf3
Bxd5+ 35. cxd5 Re8 36. Ra2 Rxa2 37. Qxa2 Ng6 38. Qa4 Rd8 39. Qa5 Bf6 40. Qxc5 h5
41. d6 h4 42. g4 h3 43. g5 h2 44. Kg2 Nxf4+ 45. Kxh2 Bg7 46. Qc6 Ne6 47. Kh3 Be5
48. d7 Nf8 49. Kg4 Rxd7 50. Kf5 Bg7 51. Qc5 Rd8 52. Qc6 Ne6 53. Qb6 Re8 54. Qc6
Re7 55. Qc8+ Nf8 56. Qc2 Re5+ 57. Kg4 Ne6 58. Qc8+ Bf8 59. Kf3 Rxg5 60. Qa8 h5
61. Qa1 Kg7 62. Qh1 Bd6 63. Kf2 h4 64. Kf1 Bg3 65. Qe4 h3 66. Kg1 h2+ 67. Kh1
Bd6 0-1

[Event "chess.com SpeedChess Q2Sw"]
[Site "chess.com INT"]
[Date "2022.11.12"]
[Round "12"]
[White "Pakleza, Zbigniew"]
[Black "Alekseenko, Kirill"]
[Result "0-1"]
[WhiteTitle "GM"]
[BlackTitle "GM"]
[WhiteElo "2496"]
[BlackElo "2687"]
[WhiteFideId "1119290"]
[BlackFideId "4135539"]
[EventDate "2022.11.12"]

1. d4 d5 2. Bf4 Nf6 3. e3 e6 4. Nd2 c5 5. c3 Nc6 6. Ngf3 Be7 7. Bd3 O-O 8. h3
Nh5 9. Bh2 c4 10. Bc2 f5 11. O-O Nf6 12. a4 Bd7 13. b3 cxb3 14. Nxb3 Rc8 15. a5
Ne4 16. Bxe4 fxe4 17. Ne5 Nb8 18. Qd2 Bb5 19. Rfb1 Qe8 20. Rb2 a6 21. Bg3 Bd6
22. Kh2 Qe7 23. Rc2 Qc7 24. Rac1 Nd7 25. Nxd7 Bxg3+ 26. fxg3 Qxd7 27. Nc5 Qe7
28. Qe1 Rce8 29. Rf2 Rxf2 30. Qxf2 Rf8 31. Qb2 h5 32. c4 Bxc4 33. Qxb7 Qxb7 34.
Nxb7 Rf2 35. Nc5 Ra2 36. Rb1 Bb5 37. Nxe6 Rxa5 38. Nc7 Bc4 39. Rb8+ Kh7 40. Rb7
Ra2 41. Ne6 Kg6 42. Nf4+ Kh6 43. Rb6+ Kh7 44. Nxh5 a5 45. g4 a4 46. g5 a3 47.
Nf4 Rb2 48. g6+ Kh6 49. Rd6 a2 50. Rd8 Kg5 51. Ra8 Rb1 52. Kg3 a1=Q 53. h4+ Kf6
54. Rf8+ Ke7 55. Rf7+ Ke8 56. Rxg7 Qc3 57. Kg4 Qxe3 58. g3 Rg1 59. Kf5 Qxg3 60.
Rg8+ Kd7 61. g7 Qg4+ 62. Ke5 Rf1 63. Rf8 Qxg7+ 64. Rf6 Rxf4 65. Kxf4 Qxf6+ 66.
Kg3 e3 67. Kh2 e2 0-1

[Event "chess.com SpeedChess Q2Sw"]
[Site "chess.com INT"]
[Date "2022.11.12"]
[Round "12"]
[White "Baskakov, Egor"]
[Black "Yeletsky, Ivan"]
[Result "1/2-1/2"]
[WhiteTitle "CM"]
[BlackTitle "FM"]
[WhiteElo "2215"]
[BlackElo "2491"]
[WhiteFideId "24197866"]
[BlackFideId "24180327"]
[EventDate "2022.11.12"]

1. e4 e6 2. Nc3 d5 3. g3 Nc6 4. Bg2 d4 5. Nce2 d3 6. cxd3 Qxd3 7. Nf4 Qd8 8.
Nge2 Bc5 9. O-O Nge7 10. b3 O-O 11. Bb2 e5 12. Nd5 Bg4 13. h3 Be6 14. d4 exd4
15. Nxd4 Bxd4 16. Bxd4 Nxd5 17. exd5 Bxd5 18. Be3 Bxg2 19. Kxg2 Qf6 20. Qd5 Rad8
21. Qb5 Rb8 22. Rac1 a6 23. Qh5 Rbd8 24. Rc4 Qe6 25. Rfc1 Rd5 26. Qg4 Re8 27. a4
Rd3 28. Qxe6 Rxe6 29. b4 Rd5 30. Bf4 Re7 31. Rb1 g5 32. Bxc7 Rxc7 33. b5 axb5
34. axb5 h6 35. bxc6 bxc6 36. Rbc1 c5 37. h4 Kg7 38. hxg5 hxg5 39. R1c3 Kg6 40.
Rc2 f6 41. Kf3 Rc6 42. Ke4 Re5+ 43. Kf3 Rc8 44. Kg2 Rd5 45. Kf3 Kf5 46. Ke3 Ke5
47. Ra2 Rcd8 48. Re4+ Kf5 49. g4+ Kg6 50. Kf3 Rd3+ 51. Kg2 R8d4 52. Rxd4 cxd4
53. Ra7 Rd2 54. Rd7 Rd3 55. f3 Rd2+ 56. Kg3 d3 57. Kh3 Rd1 58. Kg3 Kh6 59. Kh3
d2 60. Kg2 Kg6 61. Kh2 f5 62. Rd5 Kf7 63. gxf5 Kf6 64. Kg2 Re1 65. Rxd2 Kxf5 66.
Rd5+ Kf4 67. Rd4+ Kf5 68. Rd5+ Re5 69. Rxe5+ Kxe5 70. Kg3 Kf5 71. Kg2 Kf4 72.
Kf2 g4 73. fxg4 Kxg4 1/2-1/2

[Event "chess.com SpeedChess Q2Sw"]
[Site "chess.com INT"]
[Date "2022.11.12"]
[Round "12"]
[White "Svane, Rasmus"]
[Black "Mikaelyan, Arman"]
[Result "1/2-1/2"]
[WhiteTitle "GM"]
[BlackTitle "GM"]
[WhiteElo "2619"]
[BlackElo "2556"]
[WhiteFideId "4657101"]
[BlackFideId "13304852"]
[EventDate "2022.11.12"]

1. Nf3 d5 2. g3 Nd7 3. d4 Ngf6 4. Bg2 Nb6 5. Nc3 Bf5 6. Nh4 Bg4 7. h3 Bc8 8. e4
dxe4 9. Nxe4 Nxe4 10. Bxe4 g6 11. c3 Bg7 12. Bg2 O-O 13. Nf3 c5 14. O-O cxd4 15.
Nxd4 Nd5 16. Re1 e6 17. h4 Qb6 18. Nb3 a5 19. Bxd5 exd5 20. Be3 Qb5 21. a4 Qc4
22. Bd4 Bg4 23. Qxg4 Qxb3 24. Bxg7 Kxg7 25. Qd4+ Kg8 26. Re2 Rfe8 27. Rae1 Rxe2
28. Rxe2 h5 29. Re7 Rf8 30. Rd7 Qxb2 31. Rxd5 b6 32. Rb5 Qa1+ 33. Kg2 Rb8 34.
Qd6 Rc8 35. Qxb6 Qxa4 36. Rxa5 Qe4+ 37. Kh2 Qf3 38. Qd4 Qxc3 39. Qd5 Qf6 40. Ra2
Rd8 41. Qe4 Kg7 42. Kg2 Qd6 43. Rc2 Qd5 44. Qxd5 Rxd5 45. Rc6 Rd3 46. Rb6 Ra3
47. Rd6 Rb3 48. Rd4 Ra3 49. Rb4 Rc3 50. Rf4 Ra3 51. Rf3 Ra2 52. Rf4 Ra3 53. Rf3
Ra2 54. Rb3 Kf6 55. Kf3 Ra6 56. Kf4 Re6 57. Rd3 Rb6 58. Rd4 Ra6 59. f3 Rb6 60.
Rc4 Ra6 61. Re4 Rb6 62. Ra4 Rc6 63. Rb4 Rd6 64. Rc4 Rb6 65. g4 hxg4 66. fxg4 g5+
67. hxg5+ Kg6 68. Rd4 Rc6 69. Rb4 Rd6 70. Ra4 Rc6 71. Rd4 Rb6 72. Rc4 Ra6 73.
Rb4 Rc6 74. Rd4 Rb6 75. Rc4 Ra6 76. Rb4 Rc6 77. Rb5 Rc4+ 78. Kg3 Rc1 79. Rf5 Ra1
80. Kh3 Rb1 81. Kg3 Ra1 82. Kg2 Rb1 83. Kh2 Ra1 84. Kg3 Rb1 85. Rf6+ Kxg5 86.
Rxf7 Rb3+ 87. Rf3 Rxf3+ 88. Kxf3 Kg6 89. g5 Kxg5 1/2-1/2

[Event "chess.com SpeedChess Q2Sw"]
[Site "chess.com INT"]
[Date "2022.11.12"]
[Round "12"]
[White "Ivic, Velimir"]
[Black "Aradhya, Garg"]
[Result "1-0"]
[WhiteTitle "GM"]
[BlackTitle "FM"]
[WhiteElo "2560"]
[BlackElo "2289"]
[WhiteFideId "950122"]
[BlackFideId "25006746"]
[EventDate "2022.11.12"]

1. c4 e5 2. g3 Nc6 3. Bg2 Nf6 4. Nc3 g6 5. d3 Bg7 6. e3 O-O 7. Nge2 d6 8. O-O
Re8 9. Rb1 a5 10. a3 Be6 11. Nd5 Bxd5 12. cxd5 Ne7 13. Nc3 c6 14. dxc6 bxc6 15.
b4 axb4 16. axb4 d5 17. b5 d4 18. exd4 exd4 19. Ne4 Rb8 20. Bg5 Nxe4 21. Bxe4
Rxb5 22. Rxb5 cxb5 23. Qb3 Qd7 24. Rb1 Nf5 25. Bf4 Nd6 26. Bxd6 Qxd6 27. Qxb5
Rd8 28. Kg2 h5 29. h4 Bf6 30. Rc1 Kg7 31. Rc6 Qe5 32. Rc5 Qb8 33. Qc4 Qd6 34.
Rc6 Qe7 35. Rb6 Rd6 36. Rb7 Rd7 37. Rb6 Rd6 38. Rb8 Rd8 39. Rb1 Rd7 40. Qc6 Rc7
41. Qd5 Qe5 42. Qa8 Qd6 43. Rb8 Rd7 44. Rg8+ Kh7 45. Rf8 Kg7 46. Rg8+ Kh7 47.
Re8 Rd8 48. Qa2 Kg7 49. Rxd8 Qxd8 50. Bd5 Qe7 51. Qc4 Be5 52. Be4 Bf6 53. Qc6
Qe5 54. Bd5 Qe7 55. Bc4 Be5 56. Qd5 Bf6 57. Kf1 Be5 58. Qe4 Bf6 59. Qd5 Be5 60.
Kg1 Bf6 61. Kh2 Be5 62. f4 Bf6 63. Kh3 Qe8 64. f5 Qe7 65. fxg6 fxg6 66. Qg8+ Kh6
67. Bd5 Qd7+ 68. Kg2 Qf5 69. Be4 Qg4 70. Qf8+ Bg7 71. Qf2 Be5 72. Bf3 Qf5 73.
Qd2+ Kg7 74. Qc2 Qf6 75. Qc5 Qd6 76. Qa7+ Kh6 77. Qa8 Bxg3 78. Qh8# 1-0

[Event "chess.com SpeedChess Q2Sw"]
[Site "chess.com INT"]
[Date "2022.11.12"]
[Round "12"]
[White "Aarav, Dengla"]
[Black "Daggupati, Balaji"]
[Result "0-1"]
[WhiteTitle "FM"]
[BlackTitle "GM"]
[WhiteElo "2357"]
[BlackElo "2507"]
[WhiteFideId "45059756"]
[BlackFideId "2090759"]
[EventDate "2022.11.12"]

1. e4 c5 2. Nf3 e6 3. d4 cxd4 4. Nxd4 Nf6 5. Bd3 d5 6. exd5 Nxd5 7. O-O Bc5 8.
Nb3 Bb6 9. Qh5 Nc6 10. Na3 Ncb4 11. Bb5+ Bd7 12. c3 Bxb5 13. Nxb5 Nc6 14. Bg5
Qd7 15. c4 Ne5 16. cxd5 Qxb5 17. dxe6 O-O 18. Be7 g6 19. Qh6 fxe6 20. Bxf8 Rxf8
21. Qh3 Nd3 22. Qxe6+ Kh8 23. a4 Qb4 24. a5 Bxf2+ 25. Kh1 a6 26. Rad1 Ba7 27.
Rxf8+ Qxf8 28. h3 Nf2+ 29. Kh2 Bb8+ 30. g3 Nxd1 31. Qe2 Qf2+ 32. Qxf2 Nxf2 33.
Nc5 Nd1 34. b4 Bd6 35. Nxb7 Bxb4 36. Kg2 Ne3+ 37. Kf3 Nc4 38. Ke4 Nxa5 39. Nd8
Nb3 40. Kd3 a5 41. Kc4 Nd2+ 42. Kd3 a4 43. Nc6 Bd6 44. Kxd2 Bxg3 45. Kc3 Bd6 46.
Kc4 a3 47. Kb3 Kg7 48. Nd4 Kh6 49. Nb5 Be7 50. Nc7 Kh5 51. Nd5 Bc5 52. Nf6+ Kh6
53. Ng4+ Kg5 54. Ne5 h5 55. Nd7 Bd6 56. Nb6 Kh4 57. Nc4 Bc5 58. Ne5 g5 59. Nf3+
Kxh3 60. Nxg5+ Kg2 61. Ne6 Bd6 62. Ng7 h4 63. Nf5 h3 64. Nxd6 h2 65. Nc4 h1=Q
66. Nxa3 Qh3+ 67. Ka2 Qe6+ 68. Ka1 Kf2 69. Nc2 Qa6+ 70. Kb1 Qb6+ 71. Kc1 Ke2 72.
Na3 Kd3 73. Nc2 Qc5 74. Kb1 Qxc2+ 75. Ka1 Qd2 76. Kb1 Kc3 77. Ka1 Qb2# 0-1

[Event "chess.com SpeedChess Q2Sw"]
[Site "chess.com INT"]
[Date "2022.11.12"]
[Round "12"]
[White "Shimanov, Aleksandr"]
[Black "Kovalev, Vladislav"]
[Result "1/2-1/2"]
[WhiteTitle "GM"]
[BlackTitle "GM"]
[WhiteElo "2581"]
[BlackElo "2623"]
[WhiteFideId "4198603"]
[BlackFideId "13504398"]
[EventDate "2022.11.12"]

1. e4 e5 2. Nf3 Nc6 3. Nc3 Nf6 4. Bb5 Bc5 5. Bxc6 dxc6 6. d3 O-O 7. h3 Re8 8.
Be3 Bf8 9. g4 a5 10. Ne2 c5 11. Ng3 a4 12. b3 b6 13. Rg1 Nd7 14. Nf5 Nb8 15. Bg5
Qd7 16. h4 Nc6 17. h5 Qe6 18. Bd2 axb3 19. axb3 Rxa1 20. Qxa1 Nd4 21. N3xd4 cxd4
22. Ke2 Qc6 23. Qb2 Be6 24. f3 Ra8 25. b4 Ra2 26. Qb1 Qxc2 27. Qxc2 Rxc2 28. Ra1
Ra2 29. Rxa2 Bxa2 30. Kd1 Be6 31. Kc2 f6 32. Be1 g6 33. hxg6 hxg6 34. Nh4 Kf7
35. Bd2 Be7 36. Be1 Bd7 37. Kb2 f5 38. gxf5 gxf5 39. Nxf5 Bxf5 40. exf5 Bd6 41.
b5 Kf6 42. Kb3 Kxf5 43. Bd2 Be7 44. Kc4 Bg5 45. Be1 Kf4 46. Bd2+ Kf5 47. Be1 Ke6
48. Bg3 Kd6 49. Be1 c6 50. Bb4+ Kd7 51. Bf8 Bd8 52. Bg7 Bc7 53. Bh6 Bd6 54. Bg5
cxb5+ 55. Kxb5 Bc5 56. Bd2 Kd6 57. Bc1 Kd5 58. Bd2 Ke6 59. Be1 Kf5 60. Bg3 Ke6
61. Be1 Kf6 62. Bg3 Kf5 63. Kc6 Ke6 64. Be1 Kf5 65. Bg3 Ke6 66. Bh2 Bd6 67. Kxb6
Kd5 68. Kb5 Be7 69. Bg3 Bd8 70. Be1 Bc7 71. Bd2 Bd8 72. Bb4 Bc7 73. Bd2 Bd8 74.
Bh6 Bc7 75. Bg7 Bd8 76. Bf8 Bc7 77. Bc5 Bd8 78. Ba7 Bc7 79. Bc5 Bd8 80. Bb4 Bc7
81. Bd2 1/2-1/2

[Event "chess.com SpeedChess Q2Sw"]
[Site "chess.com INT"]
[Date "2022.11.12"]
[Round "12"]
[White "Sreyas, Payyappat"]
[Black "Al-Tarboush, Ward"]
[Result "1-0"]
[WhiteTitle "FM"]
[BlackTitle "FM"]
[WhiteElo "2145"]
[BlackElo "2238"]
[WhiteFideId "46674969"]
[BlackFideId "7601450"]
[EventDate "2022.11.12"]

1. e4 c5 2. Nf3 Nc6 3. d4 cxd4 4. Nxd4 Nf6 5. Nc3 e5 6. Ndb5 d6 7. Bg5 a6 8. Na3
b5 9. Nd5 Be7 10. Bxf6 Bxf6 11. c4 b4 12. Nc2 a5 13. g3 O-O 14. Bg2 Bg5 15. O-O
Ne7 16. f4 Nxd5 17. cxd5 Qb6+ 18. Kh1 exf4 19. gxf4 Bf6 20. Rb1 Ba6 21. Re1 Qf2
22. e5 Rac8 23. Ne3 Bh4 24. Qg4 Bd3 25. Rbd1 Bc2 26. Rc1 h5 27. Qh3 Bd3 28. Rxc8
Qxe1+ 29. Nf1 Rxc8 30. Qxc8+ Kh7 31. Qh3 dxe5 32. Qxd3+ g6 33. fxe5 Qxe5 34. Qe4
Qd6 35. b3 Bd8 36. Qe8 Qf6 37. Qe3 Bb6 38. Qf3 Qe7 39. h3 Kg8 40. Qe4 Qc5 41.
Kh2 Qg1+ 42. Kg3 Qf2+ 43. Kh2 Qg1+ 44. Kg3 Bf2+ 45. Kf3 Bc5 46. Qe2 h4 47. Nd2
Qd4 48. Ne4 Qxd5 49. Qc4 Qf5+ 50. Ke2 Be7 51. Qc7 Bf8 52. Bf3 Qb5+ 53. Ke3 Bh6+
54. Kf2 Bg7 55. Qc8+ Kh7 56. Qg4 Bd4+ 57. Kg2 f5 58. Qxh4+ Kg7 59. Qe7+ Kh6 60.
Qg5+ Kg7 61. Qd8 fxe4 62. Qxd4+ Kh7 63. Qxe4 Qg5+ 64. Kf2 Qd2+ 65. Kg3 Qg5+ 66.
Bg4 Qf6 67. Qf4 Qc3+ 68. Qf3 Qe1+ 69. Qf2 Qe5+ 70. Kg2 Qd5+ 71. Bf3 Qg5+ 72. Kh1
Qc1+ 73. Kh2 Qf4+ 74. Qg3 Qd2+ 75. Bg2 Qxa2 76. Qh4+ Kg7 77. Qe7+ Kh6 78. Qf8+
Kh7 79. Qf7+ Kh6 80. h4 a4 81. Qg8 1-0

[Event "chess.com SpeedChess Q2Sw"]
[Site "chess.com INT"]
[Date "2022.11.12"]
[Round "12"]
[White "Fridman, Daniel"]
[Black "Steinberg, Nitzan"]
[Result "1/2-1/2"]
[WhiteTitle "GM"]
[BlackTitle "GM"]
[WhiteElo "2602"]
[BlackElo "2537"]
[WhiteFideId "11600454"]
[BlackFideId "2801795"]
[EventDate "2022.11.12"]

1. Nf3 d5 2. g3 Nd7 3. d4 Nb6 4. Bg2 Bf5 5. a4 a5 6. b3 h6 7. Ba3 Nf6 8. O-O e6
9. Bxf8 Kxf8 10. Nbd2 Bh7 11. c4 c6 12. Qc1 Qe7 13. Qc3 Nbd7 14. e3 Ne4 15. Nxe4
Bxe4 16. Nd2 Bxg2 17. Kxg2 Nf6 18. Rae1 Qb4 19. Qd3 Rd8 20. e4 dxe4 21. Nxe4
Nxe4 22. Rxe4 g6 23. c5 Qxc5 24. dxc5 Rxd3 25. b4 Ke7 26. bxa5 Rb3 27. a6 bxa6
28. Rd1 Rd8 29. Rxd8 Kxd8 30. Rf4 Ke7 31. Rd4 Rc3 32. Rb4 Rxc5 33. Rb7+ Kf6 34.
Rb6 a5 35. Ra6 h5 36. Ra7 g5 37. Kf3 Kg6 38. Ke3 g4 39. Ra6 f6 40. Kd4 Rf5 41.
Ke3 Rc5 42. Kd4 Rf5 43. Ke3 e5 44. Rxa5 Rf3+ 45. Ke2 Ra3 46. Ra6 Kf5 47. Rxc6
Rxa4 48. Kf1 Ra2 49. Kg2 Kg5 50. Re6 Ra5 51. h4+ gxh3+ 52. Kxh3 Ra3 53. Kg2 Ra4
54. Kh3 h4 55. gxh4+ Rxh4+ 56. Kg3 Ra4 57. f3 Kf5 58. Rb6 Ra1 59. Rc6 Rg1+ 60.
Kf2 Rg8 61. Ra6 Rd8 62. Rb6 Re8 63. Ke3 Re6 64. Rb5 Ra6 65. Kf2 Kg5 66. Kg3 Ra3
67. Rc5 Rd3 68. Rb5 Re3 69. Ra5 Kf5 70. Rb5 Rd3 71. Ra5 Ke6 72. Ra6+ Rd6 73. Ra5
f5 74. Kf2 f4 75. Ke2 Rb6 76. Rc5 Kd6 77. Ra5 Rc6 78. Kf2 Rc2+ 79. Ke1 Rc5 80.
Ra8 Kd5 81. Rd8+ Kc4 82. Ke2 Ra5 83. Rc8+ Kd4 84. Rd8+ Rd5 85. Ra8 Kc5 86. Rc8+
Kd6 87. Rd8+ Ke6 88. Ra8 Kf5 89. Rf8+ Kg5 90. Rg8+ Kf6 91. Rf8+ Kg6 92. Rg8+ Kf7
93. Ra8 Rb5 94. Ra6 Rb7 95. Rc6 Rd7 96. Ra6 Ke7 97. Rb6 Rd6 98. Rb7+ Ke6 99. Rb5
Ra6 100. Rc5 Ra3 101. Rb5 Re3+ 102. Kf2 Rd3 103. Ra5 Rd2+ 104. Ke1 Rb2 105. Rc5
Kd6 106. Ra5 Rc2 107. Kf1 Rc5 108. Ra8 Kd5 109. Rd8+ Kc4 110. Ke2 Kc3 111. Rd3+
Kb4 112. Rd8 Rc2+ 113. Kd3 Rf2 114. Ke4 Re2+ 115. Kf5 Re3 116. Rd5 Kc4 117. Rxe5
Kd4 118. Ra5 Rxf3 119. Ra4+ Ke3 120. Re4+ Kf2 121. Rxf4 Rxf4+ 122. Kxf4 1/2-1/2

[Event "chess.com SpeedChess Q2Sw"]
[Site "chess.com INT"]
[Date "2022.11.12"]
[Round "13"]
[White "Ristic, Nebojsa M"]
[Black "Andreev, Eduard UKR"]
[Result "1-0"]
[WhiteTitle "IM"]
[BlackTitle "GM"]
[WhiteElo "2335"]
[BlackElo "2413"]
[WhiteFideId "900850"]
[BlackFideId "14103400"]
[EventDate "2022.11.12"]

1. d4 Nf6 2. Bf4 d5 3. e3 c5 4. Nf3 Nc6 5. Nbd2 Bf5 6. dxc5 Qa5 7. Nd4 Bg6 8.
Bb5 Rc8 9. c3 e6 10. b4 Qd8 11. Nxc6 bxc6 12. Ba6 Nh5 13. Bxc8 Nxf4 14. exf4
Qxc8 15. O-O Be7 16. Nf3 O-O 17. Ne5 Bf5 18. Qa4 Bf6 19. Qxc6 1-0

[Event "chess.com SpeedChess Q2Sw"]
[Site "chess.com INT"]
[Date "2022.11.12"]
[Round "13"]
[White "Svane, Rasmus"]
[Black "Terry, Renato"]
[Result "1-0"]
[WhiteTitle "GM"]
[BlackTitle "IM"]
[WhiteElo "2619"]
[BlackElo "2516"]
[WhiteFideId "4657101"]
[BlackFideId "3803457"]
[EventDate "2022.11.12"]

1. Nf3 Nf6 2. g3 d5 3. Bg2 c6 4. O-O Bg4 5. h3 Bh5 6. d4 Nbd7 7. c4 e6 8. cxd5
exd5 9. Ne5 Bd6 10. f4 Bg6 11. Nc3 Be4 12. Nxe4 Nxe4 13. Bxe4 dxe4 14. Qb3 O-O
15. Qxb7 Bxe5 16. dxe5 Nc5 17. Qb4 Qb6 18. Qxb6 axb6 19. Be3 Na4 20. Rab1 Nc5
21. Rfc1 1-0